| 000 | 00490nam a2200145Ia 4500 | ||
|---|---|---|---|
| 008 | 220217s9999 xx 000 0 und d | ||
| 245 | 0 | _aBritish Standards: Methods of test for flexible cellular materials. Part 1. Method 4. Measurements of cell count | |
| 260 | _aLondon | ||
| 260 |
_c1988 _bBritish Standards Institution |
||
| 490 | _aBritish Standards | ||
| 500 | _aStandard number: BS 4443-1 | ||
| 650 | _aCell count measurement | ||
| 650 | _aFlexible cellular material | ||
| 942 | _cST | ||
| 999 |
_c73092 _d73092 |
||